| 000 | 00667nam a2200217Ia 4500 | ||
|---|---|---|---|
| 003 | OSt | ||
| 005 | 20260205123255.0 | ||
| 008 | 220923b |||||||| |||| 00| 0 eng d | ||
| 037 | _cGeneral Book | ||
| 040 |
_aRTL _cRTL _beng |
||
| 041 |
_2eng _aeng |
||
| 084 |
_aX:8N91 , L3 _qRTL |
||
| 100 |
_aCoffin Royce A _9315033 |
||
| 245 | 0 |
_aNegoitiator _b A manual for winners |
|
| 260 |
_aNew York _bAMACOM USA _c1973 |
||
| 300 |
_axi , 160 p. _bIncludes bibliographical references and index |
||
| 500 | _aA pictorial work | ||
| 650 |
_aPublic Relation Management _91113899 |
||
| 942 |
_hX:8N91 , L3 _cGB _2CC _n0 |
||
| 999 |
_c621087 _d621087 |
||